The noble scholar, jurist, historian


 His Excellency Dr. Abdul Wahhab bin Ibrahim Abu Sulaiman, may Allah have mercy on him.


 He was born in Umm Al-Qura in the year 1356 AH.

ابن رشد / (Record no. 13333)

MARC details
000 -LEADER
fixed length control field 00951cam a2200253 i 4500
003 - CONTROL NUMBER IDENTIFIER
control field SA-RiAUC
005 - DATE AND TIME OF LATEST TRANSACTION
control field 20251119121755.0
008 - FIXED-LENGTH DATA ELEMENTS--GENERAL INFORMATION
fixed length control field 251005t1982 ua g 000u0bara c
040 ## - CATALOGING SOURCE
Original cataloging agency SA-JeALM
Language of cataloging ara
Transcribing agency SA-RiAUC
Description conventions rda
050 #4 - LIBRARY OF CONGRESS CALL NUMBER
Item number A67 1982
082 04 - DEWEY DECIMAL CLASSIFICATION NUMBER
Classification number 921.1
090 ## - LOCALLY ASSIGNED LC-TYPE CALL NUMBER (OCLC); LOCAL CALL NUMBER (RLIN)
Classification number (OCLC) (R) ; Classification number, CALL (RLIN) (NR) 921.1
Local cutter number (OCLC) ; Book number/undivided call number, CALL (RLIN) ع ق ا
100 1# - MAIN ENTRY--PERSONAL NAME
Personal name العقاد، عباس محمود،
Dates associated with a name 1889-1964
Relator term مؤلف.
245 14 - TITLE STATEMENT
Title ابن رشد /
Statement of responsibility, etc. عباس محمود العقاد.
264 #1 - PRODUCTION, PUBLICATION, DISTRIBUTION, MANUFACTURE, AND COPYRIGHT NOTICE
Place of production, publication, distribution, manufacture القاهرة :
Name of producer, publisher, distributor, manufacturer دار المعارف،
Date of production, publication, distribution, manufacture, or copyright notice 1982
300 ## - PHYSICAL DESCRIPTION
Extent 119 صفحة ؛
Dimensions 22 سم.
336 ## - CONTENT TYPE
Content type term نص
Content type code txt
Source rdacontent
Materials specified كتاب
337 ## - MEDIA TYPE
Media type term بدون وسيط
Media type code n
Source rdamedia
490 0# - SERIES STATEMENT
Series statement نوابغ الفكر العربي ؛
Volume/sequential designation 1
600 17 - SUBJECT ADDED ENTRY--PERSONAL NAME
Personal name ابن رشد، محمد بن أحمد بن محمد (الحفيد)،
Dates associated with a name 520-595 هجري
Source of heading or term aucnm
650 #7 - SUBJECT ADDED ENTRY--TOPICAL TERM
Topical term or geographic name entry element الفلاسفة المسلمون
Form subdivision تراجم
Source of heading or term aucsh
942 ## - ADDED ENTRY ELEMENTS (KOHA)
Source of classification or shelving scheme Dewey Decimal Classification
Koha item type Books
Suppress in OPAC No
949 ## - LOCAL PROCESSING INFORMATION (OCLC)
a SA-JeALM
d 251005
u osman123
n 1
Holdings
Withdrawn status Lost status Source of classification or shelving scheme Damaged status Not for loan Home library Current library Date acquired Total checkouts Full call number Barcode Date last seen Price effective from Koha item type
    Dewey Decimal Classification     DR AbdElwahab Library DR AbdElwahab Library 11/19/2025   921.1 ع ق ا 000021254 11/19/2025 11/19/2025 Books